000 00446nam a2200181Ia 4500
001 20812
005 20260306172833.0
008 260306t2008||||xx |||||||||||||| ||spa||
041 _aESP
082 _a343.8
_bC46 T. 2
100 _aCentro de Investigación Jurídico Contable
_eAUT
245 0 _aManual del sistema tributario
260 _c2008
300 _apágs. :
_ccm.
650 _aGEN
654 _aCDE
942 _cLIB
_dJUS
_fJUS
_2ddc
_n
999 _c20812
_d20812